00382nam a22000977a 4500008004100000082001500041100004300056245011900099260005700218300000900275230621b xxu||||| |||| 00| 0 eng d a328.4bCPA cCommonwealth Parliamentary Association areport of proceedings of the Seventeenth commomwealth Parliamentary conference held in KUALA LUMPUR September 1971 aMalawibCommonwealth Parliamentary Associationc1971 a324p